Ligue 1 Clubs - Statistics

General Stats
  • This quiz has been taken 1,188 times
    1,146 since last reset
  • The average score is 12 of 20
Answer Stats
Club Name % Correct
Paris Saint-Germain F.C.
99%
Olympique Lyonnais
94%
Olympique de Marseilles
92%
Lille OSC
82%
FC Girondins de Bordeaux
75%
OGC Nice
72%
AS Saint-Etienne
68%
Stade Rennes F.C.
68%
Toulouse FC
66%
Montpellier HSC
65%
AC Ajaccio
50%
FC Lorient
48%
Stade de Reims
48%
SC Bastia
45%
Stade Brestois 29
45%
FC Sochaux-Montbeliard
41%
AS Nancy
40%
Evian Thonon Gaillard FC
37%
Valenciennes FC
37%
Troyes AC
31%
No matching quizzes found
Score Distribution
Percent of People with Each Score
Percentile by Number Answered
Your Score History
You have not taken this quiz since the last reset